<?xml version="1.0" encoding="UTF-8"?>
<record
    xmlns:xsi="http://www.w3.org/2001/XMLSchema-instance"
    xsi:schemaLocation="http://www.loc.gov/MARC21/slim http://www.loc.gov/standards/marcxml/schema/MARC21slim.xsd"
    xmlns="http://www.loc.gov/MARC21/slim">

  <leader>00513nam a2200157Ia 4500</leader>
  <controlfield tag="008">230718s9999    xx            000 0 und d</controlfield>
  <datafield tag="041" ind1=" " ind2=" ">
    <subfield code="a">eng</subfield>
  </datafield>
  <datafield tag="082" ind1=" " ind2=" ">
    <subfield code="a">005.678</subfield>
    <subfield code="b">RAO</subfield>
  </datafield>
  <datafield tag="100" ind1=" " ind2=" ">
    <subfield code="a">Rao S.</subfield>
    <subfield code="9">115737</subfield>
  </datafield>
  <datafield tag="245" ind1=" " ind2=" ">
    <subfield code="a">PHP And script.aculo.us Web 2.0 Application Interfaces</subfield>
    <subfield code="b">Building Powerful interactive AJAX Applications With script.aculo.us And PHP</subfield>
  </datafield>
  <datafield tag="260" ind1=" " ind2=" ">
    <subfield code="c">2009</subfield>
    <subfield code="b">Packt Pub.</subfield>
  </datafield>
  <datafield tag="300" ind1=" " ind2=" ">
    <subfield code="a">249</subfield>
  </datafield>
  <datafield tag="365" ind1=" " ind2=" ">
    <subfield code="c">Rs.</subfield>
    <subfield code="b">350.00</subfield>
  </datafield>
  <datafield tag="700" ind1=" " ind2=" ">
    <subfield code="a">Rao S.</subfield>
    <subfield code="9">115737</subfield>
  </datafield>
  <datafield tag="906" ind1=" " ind2=" ">
    <subfield code="d">O:0074117-Mar-2010B:668622-Feb-2010</subfield>
    <subfield code="c">COMP</subfield>
    <subfield code="b">70</subfield>
  </datafield>
  <datafield tag="999" ind1=" " ind2=" ">
    <subfield code="c">324522</subfield>
    <subfield code="d">324522</subfield>
  </datafield>
  <datafield tag="952" ind1=" " ind2=" ">
    <subfield code="0">0</subfield>
    <subfield code="1">0</subfield>
    <subfield code="4">0</subfield>
    <subfield code="7">0</subfield>
    <subfield code="a">CCEP</subfield>
    <subfield code="b">CCEP</subfield>
    <subfield code="d">2010-03-17</subfield>
    <subfield code="e">Radiant Book Service</subfield>
    <subfield code="f">COMP</subfield>
    <subfield code="g">280.00</subfield>
    <subfield code="i">6686</subfield>
    <subfield code="l">0</subfield>
    <subfield code="o">005.678</subfield>
    <subfield code="p">CCEP-BK-35729</subfield>
    <subfield code="r">2023-07-18 00:00:00</subfield>
    <subfield code="t">70</subfield>
    <subfield code="v">350.00</subfield>
    <subfield code="w">2010-02-22</subfield>
    <subfield code="y">BK</subfield>
    <subfield code="z">035729</subfield>
  </datafield>
</record>
